Η επέκταση της ελληνικής χωρικής θάλασσας στο Αιγαίο Πέλαγος στα 12 ναυτικά μίλλια
Αποθηκεύτηκε σε:
| Κύριος συγγραφέας: | |
|---|---|
| Μορφή: | Βιβλίο |
| Γλώσσα: | Greek |
| Δημοσίευση: |
Αθήνα : Κομοτηνή :
Σάκκουλας,
1984
|
| Έκδοση: | 2η έκδ. |
| Θέματα: | |
| Ετικέτες: |
Προσθήκη ετικέτας
Δεν υπάρχουν, Καταχωρήστε ετικέτα πρώτοι!
|
MARC
| LEADER | 00000cam a2200000 i 4500 | ||
|---|---|---|---|
| 001 | 1/7258 | ||
| 008 | 000620s1984 gre d | ||
| 035 | |l 10062219 | ||
| 040 | |a GR-MY-UA |b gre |e aacr | ||
| 041 | 0 | |a gre | |
| 082 | 0 | |a 341.448 | |
| 100 | 1 | |a Μιχαήλ, Μιχαήλ Δημ. | |
| 245 | 1 | 2 | |a Η επέκταση της ελληνικής χωρικής θάλασσας στο Αιγαίο Πέλαγος στα 12 ναυτικά μίλλια / |c του Μιχαήλ Δημ. Μιχαήλ |
| 250 | |a 2η έκδ. | ||
| 260 | |a Αθήνα : |a Κομοτηνή : |b Σάκκουλας, |c 1984 | ||
| 300 | |a 144 σ.; |c 21 εκ. | ||
| 650 | 0 | 0 | |a Territorial waters |z Greece |z Aegean sea. |
| 650 | 0 | 0 | |a International law |z Aegean Islands (Greece and Turkey) |
| 852 | |a INST |b CHIOS |e 20000620 |h 341.448 ΜΙΧ |p 005200018639 |q 005200018639 |t BK |y 0 | ||
| 901 | |a BIBL2-2000-2 | ||
| 909 | |a Χ |b 074530 | ||
| 970 | |z 2000/06/ELIDOC | ||